000
00336pab a2200145 454500
008
180718b1999 xxu||||| |||| 00| 0 eng d
100
_a
Rathod, P.B.
245
_a
Women and political representation
260
_c
1999
300
_a
p.33-35
362
_a
May-Jun
650
_a
Women in politics
773
_a
Manushi
909
_a
41763
999
_c
41763
_d
41763